The High Notes: (Record no. 9828)

MARC details
000 -LEADER
fixed length control field 00319nam a22001337a 4500
008 - FIXED-LENGTH DATA ELEMENTS--GENERAL INFORMATION
fixed length control field 240404b |||||||| |||| 00| 0 eng d
020 ## - INTERNATIONAL STANDARD BOOK NUMBER
International Standard Book Number 9781529022148
082 ## - DEWEY DECIMAL CLASSIFICATION NUMBER
Classification number 813.54
100 ## - MAIN ENTRY--PERSONAL NAME
Personal name Stell, Danielle.
245 ## - TITLE STATEMENT
Title The High Notes:
Remainder of title A stare is Born
300 ## - PHYSICAL DESCRIPTION
Extent 291 p.;
Dimensions 19.7 Cm.
942 ## - Added entry Elements (Koha)
Source of classification or shelving scheme Dewey Decimal Classification
Holdings
Withdrawn status Lost status Source of classification or shelving scheme Damaged status Not for loan Collection code Home library Current library Shelving location Date acquired Serial Enumeration / chronology Total Checkouts Total Renewals Full call number Barcode Date last seen Date last checked out Price effective from Koha item type
    Dewey Decimal Classification     Fiction RTC Library RTC Library Fiction 04/04/2024 18551 4 11 FIC 813.54 STE 30019267 17/11/2025 31/10/2025 04/04/2024 Fiction
Royal Thimphu College || All Right Reserved